| 000 | 00363nam a22001457a 4500 | ||
|---|---|---|---|
| 003 | SGT | ||
| 020 | _a9789332572492 | ||
| 082 | _a670.427,GRO | ||
| 100 | _aGROOVER MIKELL P. | ||
| 245 | _aAUTOMATION PRODUCTION SYSTEMS COMPUTER INTEGRATED MANUFACTURING | ||
| 260 |
_aINDIA _bPEARSON _c2022 |
||
| 300 | _a816 | ||
| 650 | _aCOMPUTER SCIENCE | ||
| 942 |
_2ddc _cBK _01 |
||
| 999 |
_c24968 _d24968 |
||